Membar Tsho - the flaming lake: (Record no. 2849)
[ view plain ]
| 000 -LEADER | |
|---|---|
| fixed length control field | 00548nam a2200169 4500 |
| 001 - CONTROL NUMBER | |
| control field | 3508 |
| 005 - DATE AND TIME OF LATEST TRANSACTION | |
| control field | 20181127171346.0 |
| 020 00 - INTERNATIONAL STANDARD BOOK NUMBER | |
| International Standard Book Number | 9789993689911 |
| 090 00 - LOCALLY ASSIGNED LC-TYPE CALL NUMBER (OCLC); LOCAL CALL NUMBER (RLIN) | |
| Classification number (OCLC) (R) ; Classification number, CALL (RLIN) (NR) | 895.1 C5455m 2012 |
| 100 ## - MAIN ENTRY--PERSONAL NAME | |
| Personal name | Choden, Kunzang, |
| Numeration | |
| Titles and words associated with a name | |
| Dates associated with a name | |
| Relator term | |
| Fuller form of name | |
| Dates associated with a name | 1952- |
| 245 00 - TITLE STATEMENT | |
| Title | Membar Tsho - the flaming lake: |
| Remainder of title | A story from Bhutan / |
| Statement of responsibility, etc. | Kunzang Choden. |
| Medium | |
| 260 00 - PUBLICATION, DISTRIBUTION, ETC. | |
| Place of publication, distribution, etc. | [Thimphu] : |
| Name of publisher, distributor, etc. | Riyang Books, |
| Date of publication, distribution, etc. | 2012. |
| 300 00 - PHYSICAL DESCRIPTION | |
| Extent | [24 p.] : col. ill. ; 22 cm. |
| 500 00 - GENERAL NOTE | |
| General note | Illustrations by Pema Tshering. |
| 651 ## - SUBJECT ADDED ENTRY--GEOGRAPHIC NAME | |
| Geographic name | Bhutan --Fiction. |
| Form subdivision | |
| General subdivision | |
| Chronological subdivision | |
| Geographic subdivision | |
| Source of heading or term | |
| Geographic name | Bhutan --Juvenile literature. |
| Form subdivision | |
| General subdivision | |
| Chronological subdivision | |
| Geographic subdivision | |
| Source of heading or term | |
| Withdrawn status | Lost status | Source of classification or shelving scheme | Damaged status | Not for loan | Collection code | Home library | Current library | Shelving location | Serial Enumeration / chronology | Inventory number | Total Checkouts | Full call number | Barcode | Date last seen | Date last checked out | Copy number | Price effective from | Koha item type | Date acquired | Total Renewals |
|---|---|---|---|---|---|---|---|---|---|---|---|---|---|---|---|---|---|---|---|---|
| Dewey Decimal Classification | Main TEST | RTC Library | RTC Library | Main opac | 6015 | 2 | 895.1 CHO | 30002183 | 18/04/2019 | 06/04/2019 | 2 | 27/11/2018 | Main | |||||||
| Dewey Decimal Classification | Main TEST | RTC Library | RTC Library | Main opac | 6016 | 3 | 895.1 CHO | 30002237 | 13/11/2023 | 10/11/2023 | 1 | 27/11/2018 | Main | 05/05/2021 | 2 |